[Event "DEM U16 2005"]
[Site "Willingen GER"]
[Date "2005.05.18"]
[Round "6"]
[White "Rehberg, Raphael"]
[Black "Abel, Dennes"]
[Result "1-0"]
[Termination "normal"]
[Board "3"]
[WhiteElo "2189"]
[BlackElo "2177"]
[PlyCount "101"]
[WhiteFideId "4686799"]
[BlackFideId "24605417"]
[EventCountry "GER"]
[EventRounds "9"]
[EventType "swiss"]
[EventDate "2005.05.15"]

1. e4 e5 2. Nf3 Nc6 3. c3 Nf6 4. d4 d6 5. Bd3 Be7 6. d5 Nb8 7. c4 O-O 8. Nc3 c5
9. Be3 Nbd7 10. Qc2 a6 11. O-O-O Ng4 12. Qe2 Nxe3 13. Qxe3 Rb8 14. g3 Qa5 15.
Nd2 b5 16. Nb3 Qc7 17. Qe2 Nb6 18. Nd2 bxc4 19. Nxc4 Bd7 20. f4 Nxc4 21. Bxc4
exf4 22. gxf4 Bf6 23. e5 dxe5 24. Ne4 Bd8 25. d6 Qb6 26. fxe5 Bf5 27. b3 Qa5
28. Kb2 Re8 29. Rd5 Qb4 30. a3 Qb6 31. Nxc5 Bf6 32. Rf1 Rxe5 33. Rxe5 Qxc5 34.
Rfxf5 Re8 35. d7 Rxe5 36. Rxe5 Bxe5+ 37. Ka2 Qd4 38. Qxe5 Qd2+ 39. Qb2 Qxd7 40.
Bxa6 g5 41. Qg2 g4 42. Bc4 Qd4 43. a4 h5 44. Qd5 Qf2+ 45. Ka3 h4 46. Qg5+ Kf8
47. Qxg4 Qxh2 48. Qc8+ Kg7 49. Qc5 h3 50. Qg5+ Kf8 51. Qf6 1-0

[Event "DEM U16 2005"]
[Site "Willingen GER"]
[Date "2005.05.18"]
[Round "6"]
[White "Alsheimer, Christoph"]
[Black "Siebarth, Raiko"]
[Result "1/2-1/2"]
[Termination "normal"]
[Board "4"]
[WhiteElo "2031"]
[BlackElo "2216"]
[PlyCount "109"]
[WhiteFideId "24605433"]
[BlackFideId "4674766"]
[EventCountry "GER"]
[EventRounds "9"]
[EventType "swiss"]
[EventDate "2005.05.15"]

1. e4 c5 2. Nf3 d6 3. d4 cxd4 4. Qxd4 Nc6 5. Bb5 Bd7 6. Bxc6 Bxc6 7. Nc3 Nf6 8.
Bg5 e6 9. O-O-O Be7 10. Qd3 Qa5 11. h4 O-O 12. Nd4 Rfc8 13. f4 Rab8 14. f5 Bd7
15. fxe6 fxe6 16. Kb1 Qb4 17. Rhe1 h6 18. e5 dxe5 19. Bxf6 Bxf6 20. Nf3 Be8 21.
Ne4 Qe7 22. g4 Rd8 23. Qe3 Bxh4 24. Rxd8 Rxd8 25. Rh1 Bg6 26. Nxh4 Bxe4 27.
Qxe4 Qxh4 28. b3 Qe7 29. Qxe5 Qd6 30. Qe3 a5 31. g5 Qd5 32. Rf1 Qxg5 33. Qxe6+
Kh8 34. Qb6 Rd7 35. Qe6 Re7 36. Qc4 Kh7 37. Qd3+ Qg6 38. Qc4 Qe4 39. Qb5 Rc7
40. Rc1 a4 41. Kb2 axb3 42. axb3 Rc6 43. Qa5 Rf6 44. Qc3 Rf3 45. Qd2 Qe5+ 46.
Kb1 Qf5 47. Qb4 b5 48. Rg1 Rf1+ 49. Rxf1 Qxf1+ 50. Kb2 Qf5 51. c4 bxc4 52. bxc4
h5 53. c5 Qd5 54. Qc3 Qb7+ 55. Ka3 1/2-1/2

[Event "DEM U16 2005"]
[Site "Willingen GER"]
[Date "2005.05.18"]
[Round "6"]
[White "Lieder, Konrad"]
[Black "Lubbe, Nikolas"]
[Result "1-0"]
[Termination "normal"]
[Board "5"]
[WhiteElo "2058"]
[BlackElo "2205"]
[PlyCount "105"]
[WhiteFideId "4692721"]
[BlackFideId "4694031"]
[EventCountry "GER"]
[EventRounds "9"]
[EventType "swiss"]
[EventDate "2005.05.15"]

1. d4 e6 2. Nf3 d5 3. c4 c6 4. Nc3 Nf6 5. Bg5 Nbd7 6. e3 Qa5 7. Bxf6 Nxf6 8.
Qc2 Bb4 9. Nd2 dxc4 10. Nxc4 Qc7 11. Bd3 O-O 12. h3 c5 13. O-O cxd4 14. Nb5 Qc5
15. Nxd4 Qh5 16. Be2 Qh6 17. a3 Bc5 18. Rfd1 b6 19. Bf3 Nd5 20. Nf5 exf5 21.
Bxd5 Rb8 22. Ne5 f4 23. Nxf7 Rxf7 24. Qc4 Bxh3 25. Bxf7+ Kf8 26. b4 f3 27. Qf4
Qxf4 28. exf4 Bxg2 29. bxc5 Kxf7 30. Rd7+ Ke6 31. c6 Rc8 32. Re1+ Kf6 33. Rc1
Bh3 34. Rxa7 h6 35. Rb7 g5 36. fxg5+ hxg5 37. c7 Rh8 38. Rxb6+ Ke7 39. Rb8 Bc8
40. Rxc8 Rxc8 41. a4 Kd7 42. a5 g4 43. a6 Rxc7 44. Rxc7+ Kxc7 45. Kh2 Kb6 46.
Kg3 Kxa6 47. Kxg4 Kb6 48. Kxf3 Kc6 49. Kg4 Kd6 50. Kg5 Ke7 51. Kg6 Kf8 52. f4
Kg8 53. f5 1-0

[Event "DEM U16 2005"]
[Site "Willingen GER"]
[Date "2005.05.18"]
[Round "6"]
[White "Tereick, Benjamin"]
[Black "Friedrich, Paul-Robert"]
[Result "1-0"]
[Termination "normal"]
[Board "6"]
[WhiteElo "2172"]
[BlackElo "1956"]
[PlyCount "63"]
[WhiteFideId "24607541"]
[BlackFideId "24616036"]
[EventCountry "GER"]
[EventRounds "9"]
[EventType "swiss"]
[EventDate "2005.05.15"]

1. Nf3 Nf6 2. g3 g6 3. b3 Bg7 4. Bb2 d6 5. d4 O-O 6. Bg2 c5 7. O-O Nc6 8. d5
Nb4 9. c4 Rb8 10. Nc3 Bd7 11. Re1 Bf5 12. Rc1 Ne4 13. a3 Na2 14. Nxe4 Bxb2 15.
Rc2 Bg7 16. Nfd2 Nc3 17. Rxc3 Bxc3 18. Nxc3 Qa5 19. Qc1 a6 20. a4 Bd7 21. Nde4
Kg7 22. Qa1 Kg8 23. h4 Qb4 24. h5 Qxb3 25. Rb1 Qxc4 26. e3 b5 27. Bf1 Qb4 28.
Rxb4 cxb4 29. Nf6+ exf6 30. Ne4 Rfd8 31. Nxf6+ Kf8 32. Nxd7+ 1-0

[Event "DEM U16 2005"]
[Site "Willingen GER"]
[Date "2005.05.18"]
[Round "6"]
[White "Dinger, Florian"]
[Black "Billing, Christian"]
[Result "1/2-1/2"]
[Termination "normal"]
[Board "7"]
[WhiteElo "2099"]
[BlackElo "2013"]
[PlyCount "88"]
[WhiteFideId "24605573"]
[BlackFideId "4697294"]
[EventCountry "GER"]
[EventRounds "9"]
[EventType "swiss"]
[EventDate "2005.05.15"]

1. e4 d5 2. exd5 Qxd5 3. Nc3 Qa5 4. d4 c6 5. Bc4 Nf6 6. Bd2 Bf5 7. Nd5 Qd8 8.
Nxf6+ gxf6 9. Nf3 e6 10. Bb3 Nd7 11. Qe2 Be7 12. Nh4 Bg6 13. O-O-O Qc7 14. g3
O-O-O 15. Nxg6 hxg6 16. d5 cxd5 17. Bxd5 Qe5 18. Qc4+ Qc7 19. Qxc7+ Kxc7 20.
Bg2 Ne5 21. h3 Rd7 22. Ba5+ b6 23. Rxd7+ Nxd7 24. Bc3 Bc5 25. Rf1 Rd8 26. Kd1
f5 27. Ke2 f6 28. Rd1 Bd6 29. Be1 Ne5 30. c4 Be7 31. Rxd8 Kxd8 32. b3 Kc7 33.
Bc3 a5 34. Bb2 Kd7 35. a3 Kc7 36. Kd2 Bc5 37. Ke2 Be7 38. Bh1 Bd6 39. a4 Be7
40. Bg2 Nd7 41. Kd2 Bc5 42. f3 Bf2 43. g4 fxg4 44. hxg4 e5 1/2-1/2

[Event "DEM U16 2005"]
[Site "Willingen GER"]
[Date "2005.05.18"]
[Round "6"]
[White "Gegenfurtner, Jürgen"]
[Black "Sohl, Jan"]
[Result "1-0"]
[Termination "normal"]
[Board "8"]
[WhiteElo "1926"]
[BlackElo "2121"]
[PlyCount "59"]
[BlackFideId "4698070"]
[EventCountry "GER"]
[EventRounds "9"]
[EventType "swiss"]
[EventDate "2005.05.15"]

1. d4 Nf6 2. Nf3 g6 3. c4 Bg7 4. Nc3 O-O 5. e4 d6 6. Be2 e5 7. O-O Nc6 8. d5
Ne7 9. b4 Nh5 10. Re1 f5 11. c5 Nf6 12. cxd6 cxd6 13. Nd2 Bh6 14. Bf1 fxe4 15.
Ndxe4 Bxc1 16. Rxc1 Nxe4 17. Nxe4 Nf5 18. Qc2 Rf7 19. Qd2 Nd4 20. Rc4 Bf5 21.
Ng5 Rc7 22. f4 Rxc4 23. Bxc4 Qb6 24. Kh1 Rc8 25. Bf1 Nc2 26. Rc1 Qxb4 27. Rxc2
Qxd2 28. Rxd2 Rc1 29. Kg1 e4 30. Re2 1-0

[Event "DEM U16 2005"]
[Site "Willingen GER"]
[Date "2005.05.18"]
[Round "6"]
[White "Pilat, Daniel"]
[Black "Völbel, Patrick"]
[Result "1-0"]
[Termination "normal"]
[Board "9"]
[WhiteElo "2146"]
[BlackElo "2108"]
[PlyCount "49"]
[WhiteFideId "24602116"]
[BlackFideId "24622583"]
[EventCountry "GER"]
[EventRounds "9"]
[EventType "swiss"]
[EventDate "2005.05.15"]

1. e4 c5 2. Nc3 e6 3. f4 d5 4. Nf3 Nc6 5. Bb5 Nf6 6. Bxc6+ bxc6 7. e5 Nd7 8.
O-O Be7 9. d3 Rb8 10. b3 O-O 11. Qe1 Qc7 12. Qg3 Kh8 13. f5 Qa5 14. Bd2 c4 15.
fxe6 fxe6 16. Ng5 Bxg5 17. Rxf8+ Nxf8 18. Qxg5 cxd3 19. Rf1 Ba6 20. cxd3 Bxd3
21. Rf3 Bf5 22. g4 Bg6 23. Na4 Qc7 24. Qf4 Qe7 25. Bb4 1-0

[Event "DEM U16 2005"]
[Site "Willingen GER"]
[Date "2005.05.18"]
[Round "6"]
[White "Ebert, Manuel"]
[Black "K, Torben"]
[Result "1-0"]
[Termination "normal"]
[Board "11"]
[WhiteElo "2064"]
[BlackElo "1874"]
[PlyCount "63"]
[WhiteFideId "24621102"]
[BlackFideId "24618454"]
[EventCountry "GER"]
[EventRounds "9"]
[EventType "swiss"]
[EventDate "2005.05.15"]

1. e4 e5 2. Nf3 Nc6 3. Bb5 a6 4. Ba4 Nf6 5. O-O Be7 6. Re1 b5 7. Bb3 O-O 8. a4
Bb7 9. d3 d6 10. Bd2 Nd4 11. Nxd4 exd4 12. c3 dxc3 13. bxc3 c5 14. Bc2 Nd7 15.
Na3 bxa4 16. Bxa4 Ne5 17. Be3 d5 18. f4 Ng6 19. f5 Nh4 20. Bf2 Bf6 21. e5 Bg5
22. Bxc5 d4 23. Bxf8 Bxg2 24. Bd6 Bf3 25. Qc2 Be3+ 26. Rxe3 Qg5+ 27. Kf1 dxe3
28. Bd7 e2+ 29. Kf2 Qg2+ 30. Ke3 e1=Q+ 31. Rxe1 Qxc2 32. Nxc2 1-0

[Event "DEM U16 2005"]
[Site "Willingen GER"]
[Date "2005.05.18"]
[Round "6"]
[White "Rietze, Clemens"]
[Black "Böttger, Lukas"]
[Result "1/2-1/2"]
[Termination "normal"]
[Board "12"]
[WhiteElo "1879"]
[BlackElo "2062"]
[PlyCount "60"]
[WhiteFideId "24620351"]
[BlackFideId "24620068"]
[EventCountry "GER"]
[EventRounds "9"]
[EventType "swiss"]
[EventDate "2005.05.15"]

1. d4 Nf6 2. c4 g6 3. Nc3 d5 4. Nf3 Bg7 5. Qb3 dxc4 6. Qxc4 O-O 7. e4 Nfd7 8.
Qb3 Nb6 9. Be3 Nc6 10. Rd1 Bg4 11. d5 Ne5 12. Be2 a6 13. Nxe5 Bxe2 14. Nxe2
Bxe5 15. O-O a5 16. f4 Bg7 17. Nd4 a4 18. Qc2 Qd7 19. Rd3 Rfc8 20. Rc3 f5 21.
Rc5 fxe4 22. Qxe4 Qd6 23. Nb5 Qd7 24. Rfc1 c6 25. dxc6 bxc6 26. Rxc6 Rxc6 27.
Rxc6 Nd5 28. Rc5 Rd8 29. Bd4 Nxf4 30. Qxf4 Bxd4+ 1/2-1/2

[Event "DEM U16 2005"]
[Site "Willingen GER"]
[Date "2005.05.18"]
[Round "6"]
[White "Held, Florian"]
[Black "Isakson, Alex"]
[Result "1-0"]
[Termination "normal"]
[Board "13"]
[WhiteElo "1980"]
[BlackElo "1582"]
[PlyCount "31"]
[WhiteFideId "24629090"]
[BlackFideId "24637351"]
[EventCountry "GER"]
[EventRounds "9"]
[EventType "swiss"]
[EventDate "2005.05.15"]

1. e4 c5 2. Nf3 Nc6 3. d4 cxd4 4. Nxd4 Nf6 5. Nc3 e5 6. Ndb5 d6 7. Bg5 a6 8.
Na3 b5 9. Bxf6 gxf6 10. Nd5 f5 11. c3 fxe4 12. Bxb5 axb5 13. Nxb5 Be6 14. Nbc7+
Kd7 15. Nxa8 Qxa8 16. Nb6+ 1-0

[Event "DEM U16 2005"]
[Site "Willingen GER"]
[Date "2005.05.18"]
[Round "6"]
[White "Braun, Konstantin"]
[Black "Kühn, Martin"]
[Result "1/2-1/2"]
[Termination "normal"]
[Board "14"]
[WhiteElo "1662"]
[BlackElo "1758"]
[PlyCount "86"]
[EventCountry "GER"]
[EventRounds "9"]
[EventType "swiss"]
[EventDate "2005.05.15"]

1. e4 e6 2. d4 d5 3. exd5 exd5 4. Bd3 Nf6 5. Nf3 Bd6 6. O-O O-O 7. Bg5 Bg4 8.
Nbd2 Nbd7 9. c3 c6 10. Qc2 Qc7 11. Rfe1 Rfe8 12. Re3 Rxe3 13. fxe3 Re8 14. Re1
Bxf3 15. Nxf3 Ne4 16. g3 Nxg5 17. Nxg5 h6 18. Nf3 Nf6 19. Bf5 Ne4 20. Bxe4 Rxe4
21. Qg2 Qe7 22. Kf2 Qf6 23. Ke2 Qg6 24. Kd2 Kf8 25. Qh3 Qg4 26. Qxg4 Rxg4 27.
Kd3 f5 28. Rf1 g6 29. Nd2 h5 30. c4 h4 31. gxh4 Rxh4 32. Rg1 Kg7 33. Nf1 Kf6
34. Rg2 Rh3 35. cxd5 cxd5 36. Ke2 g5 37. Ng3 Bxg3 38. hxg3 g4 39. Kd2 Rh1 40.
a3 b5 41. Kc2 a5 42. Kc3 Ke6 43. Kd2 Kd6 1/2-1/2

[Event "DEM U16 2005"]
[Site "Willingen GER"]
[Date "2005.05.19"]
[Round "7"]
[White "Lieder, Konrad"]
[Black "Bindrich, Falko"]
[Result "0-1"]
[Termination "normal"]
[Board "1"]
[BlackTitle "FM"]
[WhiteElo "2058"]
[BlackElo "2339"]
[PlyCount "79"]
[WhiteFideId "4692721"]
[BlackFideId "4676670"]
[EventCountry "GER"]
[EventRounds "9"]
[EventType "swiss"]
[EventDate "2005.05.15"]

1. d4 Nf6 2. c4 e6 3. Nf3 Bb4+ 4. Bd2 c5 5. Bxb4 cxb4 6. g3 O-O 7. Bg2 a5 8. a3
bxa3 9. Rxa3 Na6 10. O-O d6 11. Nc3 Nb4 12. Qb3 b6 13. e4 Ba6 14. Rd1 Qc7 15.
Bf1 Qb7 16. Nd2 Rac8 17. f3 Nd7 18. Na2 Nc6 19. Qc3 e5 20. d5 Nd4 21. b4 a4 22.
b5 Bxb5 23. Qb2 Ba6 24. Rxa4 Nc5 25. Rb4 Qe7 26. Nc3 Rb8 27. Na4 Nxa4 28. Rxa4
Bc8 29. Rb4 Qg5 30. Bg2 Bd7 31. Ra1 b5 32. cxb5 Qe3+ 33. Kh1 Rxb5 34. Nc4 Qh6
35. Na3 Rxb4 36. Qxb4 Bh3 37. Nb5 Nc2 38. Qxd6 Bxg2+ 39. Kxg2 Qd2+ 40. Kh1 0-1

[Event "DEM U16 2005"]
[Site "Willingen GER"]
[Date "2005.05.19"]
[Round "7"]
[White "Figura, Atila Gajo"]
[Black "Rehberg, Raphael"]
[Result "1-0"]
[Termination "normal"]
[Board "2"]
[WhiteElo "2193"]
[BlackElo "2189"]
[PlyCount "43"]
[WhiteFideId "4688058"]
[BlackFideId "4686799"]
[EventCountry "GER"]
[EventRounds "9"]
[EventType "swiss"]
[EventDate "2005.05.15"]

1. d4 c5 2. d5 d6 3. c4 e5 4. e4 Be7 5. Nf3 Bg4 6. h3 Bxf3 7. Qxf3 Bg5 8. Nd2
Ne7 9. h4 Bh6 10. g3 O-O 11. Bh3 a6 12. Qd3 Nd7 13. O-O Rb8 14. a4 b6 15. b3 g6
16. Bb2 f5 17. exf5 gxf5 18. f4 e4 19. Nxe4 fxe4 20. Be6+ Rf7 21. Qc3 Ng6 22.
h5 1-0

[Event "DEM U16 2005"]
[Site "Willingen GER"]
[Date "2005.05.19"]
[Round "7"]
[White "Beck, Frederik"]
[Black "Tereick, Benjamin"]
[Result "1/2-1/2"]
[Termination "normal"]
[Board "3"]
[WhiteElo "2212"]
[BlackElo "2172"]
[PlyCount "125"]
[WhiteFideId "4687388"]
[BlackFideId "24607541"]
[EventCountry "GER"]
[EventRounds "9"]
[EventType "swiss"]
[EventDate "2005.05.15"]

1. e4 c5 2. Nf3 e6 3. d4 cxd4 4. Nxd4 Nf6 5. Nc3 Nc6 6. Ndb5 d6 7. Bf4 e5 8.
Bg5 a6 9. Na3 Be6 10. Nc4 Rc8 11. Ne3 Be7 12. Bxf6 Bxf6 13. Ncd5 Bg5 14. Bd3
O-O 15. O-O Kh8 16. Kh1 g6 17. c3 Ne7 18. Bc2 f5 19. exf5 gxf5 20. f4 Bh6 21.
Nxe7 Qxe7 22. Qh5 Bxf4 23. Nxf5 Bxf5 24. Bxf5 Rc7 25. Be4 Rf6 26. g3 Be3 27.
Kg2 Qf7 28. Qe2 Bh6 29. Rxf6 Qxf6 30. Rf1 Qe6 31. Qf3 b6 32. Bd5 Qg6 33. Be4
Qe6 34. Bd5 Qg6 35. c4 Rc8 36. Qf6+ Bg7 37. Qxg6 hxg6 38. Rf7 b5 39. b3 bxc4
40. Bxc4 d5 41. Bxd5 Rc2+ 42. Rf2 Rxf2+ 43. Kxf2 Bf8 44. Kf3 Kg7 45. Ke4 Kf6
46. Bb7 a5 47. Kd5 Bb4 48. Bc8 Bf8 49. Bd7 Bb4 50. Bb5 Be1 51. Bd3 Bf2 52. Bxg6
Kxg6 53. Kxe5 Kg5 54. Kd5 Kg4 55. Kc6 Kh3 56. Kb5 Be1 57. a3 Bd2 58. Ka4 Be1
59. b4 axb4 60. axb4 Kxh2 61. g4 Bd2 62. b5 Kh3 63. b6 1/2-1/2

[Event "DEM U16 2005"]
[Site "Willingen GER"]
[Date "2005.05.19"]
[Round "7"]
[White "Siebarth, Raiko"]
[Black "Gegenfurtner, Jürgen"]
[Result "1/2-1/2"]
[Termination "normal"]
[Board "4"]
[WhiteElo "2216"]
[BlackElo "1926"]
[PlyCount "97"]
[WhiteFideId "4674766"]
[EventCountry "GER"]
[EventRounds "9"]
[EventType "swiss"]
[EventDate "2005.05.15"]

1. Nc3 e5 2. Nf3 Nc6 3. d4 exd4 4. Nxd4 Nf6 5. Bg5 Bb4 6. Qd3 O-O 7. f4 Re8 8.
g3 d6 9. Nxc6 bxc6 10. Bg2 Bd7 11. O-O Re3 12. Qd2 Qe7 13. Bf3 Rb8 14. f5 Bc5
15. Kh1 Re5 16. e4 Rxb2 17. Na4 Rb8 18. Nxc5 Rxc5 19. Qg2 Rb2 20. Rac1 Qe5 21.
Bf4 Qc3 22. Rf2 Rxa2 23. g4 Bc8 24. g5 Nd7 25. g6 Ra1 26. gxh7+ Kh8 27. Rxa1
Qxa1+ 28. Rf1 Qc3 29. Rg1 g6 30. fxg6 fxg6 31. Bd2 Qf6 32. Be3 Rxc2 33. Bd4
Qxd4 34. Qxg6 Rxh2+ 35. Kxh2 Qf2+ 36. Qg2 Qh4+ 37. Qh3 Qxh3+ 38. Kxh3 Ne5+ 39.
Kg3 Kxh7 40. Be2 Kg6 41. Rb1 Kf6 42. Rb8 Be6 43. Rb7 Bc4 44. Bd1 d5 45. exd5
cxd5 46. Rxc7 a6 47. Kf4 Nd3+ 48. Ke3 Ne5 49. Be2 1/2-1/2

[Event "DEM U16 2005"]
[Site "Willingen GER"]
[Date "2005.05.19"]
[Round "7"]
[White "Abel, Dennes"]
[Black "Alsheimer, Christoph"]
[Result "1-0"]
[Termination "normal"]
[Board "5"]
[WhiteElo "2177"]
[BlackElo "2031"]
[PlyCount "77"]
[WhiteFideId "24605417"]
[BlackFideId "24605433"]
[EventCountry "GER"]
[EventRounds "9"]
[EventType "swiss"]
[EventDate "2005.05.15"]

1. e4 e6 2. d4 d5 3. Nc3 h6 4. Nf3 Nf6 5. Bd3 Bb4 6. exd5 exd5 7. O-O Bxc3 8.
bxc3 O-O 9. Ne5 Re8 10. f4 c5 11. Re1 c4 12. Bf1 Nc6 13. Qf3 Bf5 14. Rb1 Qc7
15. g4 Bxg4 16. Nxg4 Rxe1 17. Nxf6+ Kh8 18. Nxd5 Qd6 19. Kf2 Rc8 20. Bg2 Qd8
21. Qg4 Qa5 22. Rxb7 Rxc1 23. Rxf7 Rxc2+ 24. Kg1 Rc1+ 25. Bf1 Rg8 26. Qg2 Ra1
27. Rd7 Nb8 28. Rb7 Rxa2 29. Qe4 Nc6 30. Rc7 Qb5 31. Ne3 Qb2 32. Ng4 Na5 33.
Rxa7 Ra1 34. Ne5 Rxf1+ 35. Kxf1 Qc1+ 36. Kg2 Qd2+ 37. Kg3 Qxc3+ 38. Kg4 h5+ 39.
Kg5 1-0

[Event "DEM U16 2005"]
[Site "Willingen GER"]
[Date "2005.05.19"]
[Round "7"]
[White "Dinger, Florian"]
[Black "Pilat, Daniel"]
[Result "1/2-1/2"]
[Termination "normal"]
[Board "6"]
[WhiteElo "2099"]
[BlackElo "2146"]
[PlyCount "95"]
[WhiteFideId "24605573"]
[BlackFideId "24602116"]
[EventCountry "GER"]
[EventRounds "9"]
[EventType "swiss"]
[EventDate "2005.05.15"]

1. e4 c5 2. Nf3 a6 3. c3 e6 4. d4 d5 5. exd5 exd5 6. dxc5 Bxc5 7. Nbd2 Nc6 8.
Nb3 Ba7 9. Be2 Nf6 10. O-O O-O 11. Bf4 Re8 12. Qc2 Ne4 13. Rae1 Qf6 14. Bg3
Nxg3 15. hxg3 h6 16. Qd2 Be6 17. Rd1 Rad8 18. Rfe1 d4 19. Qf4 Qxf4 20. gxf4
dxc3 21. Rxd8 Rxd8 22. bxc3 Rd6 23. Rd1 Rxd1+ 24. Bxd1 Kf8 25. a4 Ke7 26. Kf1
Bd5 27. g3 Kd6 28. Ke1 Be4 29. Nfd4 Nxd4 30. Nxd4 Bxd4 31. cxd4 Kd5 32. Bb3+
Kxd4 33. Bxf7 Kc3 34. g4 Bc6 35. a5 Bf3 36. g5 hxg5 37. fxg5 Kd3 38. Bg6+ Kc3
39. Bb1 Kb2 40. Bf5 Kc3 41. Bg6 Kb4 42. Kd2 Kxa5 43. Ke3 Bd5 44. f4 Bg8 45. f5
Kb6 46. f6 gxf6 47. gxf6 Kc6 48. Be4+ 1/2-1/2

[Event "DEM U16 2005"]
[Site "Willingen GER"]
[Date "2005.05.19"]
[Round "7"]
[White "Schneider, David"]
[Black "Baldauf, Marco"]
[Result "1/2-1/2"]
[Termination "normal"]
[Board "7"]
[WhiteElo "2144"]
[BlackElo "2134"]
[PlyCount "98"]
[WhiteFideId "4697111"]
[BlackFideId "4688210"]
[EventCountry "GER"]
[EventRounds "9"]
[EventType "swiss"]
[EventDate "2005.05.15"]

1. e4 c5 2. Nf3 e6 3. b3 b6 4. d4 cxd4 5. Nxd4 a6 6. Bd3 Bb7 7. O-O d6 8. Qe2
Nd7 9. Nd2 Qc7 10. Bb2 Ngf6 11. f4 Nc5 12. Rae1 Be7 13. e5 dxe5 14. fxe5 Nd5
15. Qh5 g6 16. Qh3 Bg5 17. Nc4 O-O 18. Nd6 Rad8 19. Bc1 Bxc1 20. Rxc1 Rxd6 21.
exd6 Qxd6 22. Qg3 Qxg3 23. hxg3 e5 24. Ne2 e4 25. Bc4 Ne3 26. Rfe1 Kg7 27. Nf4
Nxc4 28. bxc4 g5 29. Nd5 Bxd5 30. cxd5 f5 31. Re2 Rd8 32. c4 Kf6 33. Rb1 Rd6
34. Reb2 Nd7 35. a4 a5 36. Rb5 Ke5 37. c5 Nxc5 38. Rxb6 Nxa4 39. Rxd6 Kxd6 40.
Ra1 Nc3 41. Rxa5 Nxd5 42. Ra7 Nf6 43. Rg7 e3 44. Kf1 h6 45. Rg6 Ke5 46. Ke2 Ne4
47. Kxe3 Nxg3 48. Rxh6 f4+ 49. Kf2 Ne4+ 1/2-1/2

[Event "DEM U16 2005"]
[Site "Willingen GER"]
[Date "2005.05.19"]
[Round "7"]
[White "Friedrich, Paul-Robert"]
[Black "Lubbe, Nikolas"]
[Result "0-1"]
[Termination "normal"]
[Board "8"]
[WhiteElo "1956"]
[BlackElo "2205"]
[PlyCount "69"]
[WhiteFideId "24616036"]
[BlackFideId "4694031"]
[EventCountry "GER"]
[EventRounds "9"]
[EventType "swiss"]
[EventDate "2005.05.15"]

1. d4 Nf6 2. c4 c5 3. d5 d6 4. Nc3 g6 5. e4 Bg7 6. Bd3 O-O 7. Nge2 e6 8. O-O
exd5 9. cxd5 a6 10. a4 Nbd7 11. f4 Re8 12. Ng3 Qc7 13. h3 Rb8 14. Be3 b6 15.
Qe2 Bb7 16. Rfe1 Nxd5 17. Nxd5 Bxd5 18. Qd2 Bb7 19. Rad1 Nf6 20. Bf2 Rbd8 21.
Qc2 Qc8 22. Qb3 Qc7 23. Qc2 Bh6 24. Be3 d5 25. e5 Nd7 26. Bc1 Nf8 27. Nf1 Ne6
28. Qf2 c4 29. Bb1 Qc5 30. Be3 d4 31. Bc1 d3 32. Be3 Qc6 33. Rd2 Bf8 34. Bxb6
Nxf4 35. Bxd8 0-1

[Event "DEM U16 2005"]
[Site "Willingen GER"]
[Date "2005.05.19"]
[Round "7"]
[White "Billing, Christian"]
[Black "Held, Florian"]
[Result "1-0"]
[Termination "normal"]
[Board "9"]
[WhiteElo "2013"]
[BlackElo "1980"]
[PlyCount "89"]
[WhiteFideId "4697294"]
[BlackFideId "24629090"]
[EventCountry "GER"]
[EventRounds "9"]
[EventType "swiss"]
[EventDate "2005.05.15"]

1. e4 c5 2. d3 Nc6 3. g3 g6 4. Bg2 Bg7 5. Nc3 e6 6. Be3 d6 7. Qd2 Nge7 8. Bh6
O-O 9. Nf3 Rb8 10. h4 f6 11. Bxg7 Kxg7 12. h5 g5 13. Nh2 h6 14. f4 b5 15. O-O
Qe8 16. fxg5 hxg5 17. Rxf6 Kxf6 18. Ng4+ Kg7 19. Qxg5+ Kh8 20. Nf6 Rxf6 21.
Qxf6+ Kh7 22. g4 Ng8 23. Qh4 Ba6 24. g5 Ne5 25. Ne2 Rb7 26. Nf4 Qe7 27. Rf1 Rc7
28. Bh3 Bc8 29. c3 a5 30. b3 b4 31. d4 Nc6 32. d5 Nd8 33. Ng6 Qg7 34. Nf8+ Kh8
35. h6 Qxc3 36. Ng6+ Kh7 37. Nf8+ Kh8 38. g6 Qe3+ 39. Kh2 Qxh6 40. Qxd8 exd5
41. g7+ Qxg7 42. Rf4 Qb2+ 43. Bg2 Rf7 44. Rh4+ Kg7 45. Rh7# 1-0

[Event "DEM U16 2005"]
[Site "Willingen GER"]
[Date "2005.05.19"]
[Round "7"]
[White "Sohl, Jan"]
[Black "Ebert, Manuel"]
[Result "1-0"]
[Termination "normal"]
[Board "10"]
[WhiteElo "2121"]
[BlackElo "2064"]
[PlyCount "125"]
[WhiteFideId "4698070"]
[BlackFideId "24621102"]
[EventCountry "GER"]
[EventRounds "9"]
[EventType "swiss"]
[EventDate "2005.05.15"]

1. e4 c5 2. Nf3 e6 3. c4 a6 4. Nc3 Qc7 5. Be2 b6 6. a3 Bb7 7. d4 cxd4 8. Nxd4
Nf6 9. f3 d6 10. Be3 Nbd7 11. O-O Be7 12. Rc1 Rc8 13. b4 O-O 14. Nb3 Rfe8 15.
Qd2 h5 16. Rfd1 h4 17. Bf1 Ne5 18. Na4 Ned7 19. Qf2 Bd8 20. Rd2 g6 21. Rdc2 Qb8
22. Bf4 Nh5 23. Bh6 Kh7 24. Be3 Ba8 25. Nc3 Ne5 26. Nd2 Qb7 27. Be2 Nd7 28. f4
Ng7 29. Nf3 h3 30. g4 Rh8 31. Bd4 Kg8 32. Bd3 Be7 33. Re1 Re8 34. Qg3 Rc8 35.
Be3 Nf6 36. Bd4 Nd7 37. Rf1 Nf8 38. Re2 Nd7 39. Ree1 Kf8 40. Re2 Kg8 41. Nd1
Qc7 42. Nf2 a5 43. Nxh3 Bb7 44. f5 e5 45. Be3 Nf6 46. Nf2 gxf5 47. gxf5 Kf8 48.
Ng5 Nfh5 49. Qf3 Qd8 50. Ngh3 Qd7 51. Bxb6 axb4 52. axb4 Rg8 53. Kh1 Ke8 54.
Rg1 Nf6 55. Ng4 Nxg4 56. Rxg4 Bf6 57. Reg2 Ke7 58. Be3 Qa4 59. Bh6 Rh8 60. Bxg7
Bxg7 61. Rxg7 Qa1+ 62. Rg1 Qc3 63. f6+ 1-0

[Event "DEM U16 2005"]
[Site "Willingen GER"]
[Date "2005.05.19"]
[Round "7"]
[White "Böttger, Lukas"]
[Black "Glantz, Robert"]
[Result "1-0"]
[Termination "normal"]
[Board "11"]
[WhiteElo "2062"]
[BlackElo "1731"]
[PlyCount "115"]
[WhiteFideId "24620068"]
[BlackFideId "24629596"]
[EventCountry "GER"]
[EventRounds "9"]
[EventType "swiss"]
[EventDate "2005.05.15"]

1. e4 c5 2. Nf3 d6 3. d4 cxd4 4. Nxd4 Nf6 5. Nc3 a6 6. Bg5 e6 7. f4 Be7 8. Qf3
Qc7 9. O-O-O b5 10. Bd3 Bb7 11. Rhe1 Nbd7 12. Nd5 exd5 13. Nf5 d4 14. Qg3 O-O-O
15. Nxe7+ Kb8 16. Nf5 g6 17. Nxd4 Rc8 18. Kb1 Rhe8 19. Bxf6 Nxf6 20. e5 dxe5
21. fxe5 Nd5 22. e6 Qxg3 23. hxg3 fxe6 24. Rxe6 Rxe6 25. Nxe6 Ne3 26. Re1 Nxg2
27. Re2 Re8 28. Nc5 Rxe2 29. Bxe2 Bc8 30. a4 bxa4 31. Nxa6+ Ka7 32. Nc5 Bf5 33.
Kc1 Ne3 34. c4 a3 35. bxa3 Kb6 36. Nb3 h5 37. Kd2 Ng4 38. a4 Nf6 39. a5+ Ka7
40. Ke3 Ne4 41. Kf4 g5+ 42. Kxf5 Nxg3+ 43. Kxg5 Nxe2 44. Kxh5 Nf4+ 45. Kg4 Nd3
46. Kf5 Kb7 47. Ke4 Nb4 48. Kd4 Nc6+ 49. Kc5 Nb8 50. Kb5 Nc6 51. Nc5+ Kc7 52.
Nb3 Na7+ 53. Kc5 Kb7 54. Nd4 Nc8 55. Nc6 Ka6 56. Kd5 Kb7 57. c5 Ka8 58. Ke6 1-0